000 00429nam a2200169Ia 4500
008 130610t2012 xxu||||| |||| 00| 0 sin d
041 _asin
080 _aX8S31
_bKOL
100 _aKolambage, Indra Dayamani
245 _aහිම වියමන
246 _aHima Wiyamana
260 _bFastPublishing
_aColombo
_c2012
300 _a356p., 21 cm
942 _cBK
999 _c74064
_d74064
003 LK-CoDNM
040 _aLK-CoDNM
_dLK-CoDNM
_eLK-CoDNM